[Event "HUN-chT2 Breyer 1718"]
[Site "Hungary"]
[Date "2018.03.25"]
[Round "10.3"]
[White "Akots, Gabor"]
[Black "Szucs, Vladimir"]
[Result "1/2-1/2"]
[WhiteElo "2267"]
[BlackElo "2126"]
[PlyCount "26"]
[EventDate "2017.09.24"]
[EventType "team-tourn"]
[EventRounds "11"]
[EventCountry "HUN"]
[SourceTitle "EXT 2021"]
[Source "ChessBase"]
[SourceDate "2020.10.23"]
[SourceVersion "1"]
[SourceVersionDate "2020.10.23"]
[SourceQuality "1"]
[WhiteTeam "Naszaly Geniusz Tata"]
[BlackTeam "Esztergom"]
[WhiteTeamCountry "HUN"]
[BlackTeamCountry "HUN"]

1. e4 e6 2. d4 d5 3. Nd2 c5 4. exd5 Qxd5 5. dxc5 Qxc5 6. Ngf3 Nf6 7. Bd3 Nbd7 8. 0-0 Qc7 9. c3 b6 10. a4 a6 11. Ne4 Bb7 12. Nxf6+ Nxf6 13. h3 Be7 1/2-1/2

[Event "HUN-chT2 Breyer 1415"]
[Site "Hungary"]
[Date "2014.09.07"]
[Round "1.2"]
[White "Akots, Gabor"]
[Black "Teglas, Balazs"]
[Result "0-1"]
[WhiteElo "2252"]
[BlackElo "2255"]
[PlyCount "76"]
[EventDate "2014.09.07"]
[EventType "team-tourn"]
[EventRounds "11"]
[EventCountry "HUN"]
[SourceTitle "EXT 2016"]
[Source "ChessBase"]
[SourceDate "2015.10.08"]
[SourceVersion "1"]
[SourceVersionDate "2015.10.08"]
[SourceQuality "1"]
[WhiteTeam "Geniusz Tata"]
[BlackTeam "Hobagoly"]
[WhiteTeamCountry "HUN"]
[BlackTeamCountry "HUN"]

1. d4 Nf6 2. c4 c5 3. d5 e6 4. Nc3 exd5 5. cxd5 d6 6. e4 a6 7. a4 Nbd7 8. Nge2 Qe7 9. f3 g6 10. Ng3 Bg7 11. Be2 0-0 12. 0-0 Ne5 13. Be3 Rb8 14. h3 Nh5 15. Nxh5 gxh5 16. Qd2 Ng6 17. f4 f5 18. e5 dxe5 19. d6 Qe6 20. Bxc5 Nxf4 21. Rxf4 exf4 22. Nd5 Qe5 23. Re1 Kh8 24. b4 Bd7 25. Bxh5 Qb2 26. Qxf4 Bc6 27. Bf3 Rbe8 28. Re7 Rxe7 29. dxe7 Re8 30. Qc4 Qa1+ 31. Qf1 Bd4+ 32. Bxd4+ Qxd4+ 33. Qf2 Qxf2+ 34. Kxf2 Bxd5 35. Bxd5 Rxe7 36. a5 Kg7 37. Kf3 Kf6 38. Bc4 Re4 0-1

[Event "HUN-chT2 Charousek 1314"]
[Site "Hungary"]
[Date "2014.04.27"]
[Round "11"]
[White "Akots, Gabor"]
[Black "Pergel, Laszlo"]
[Result "1/2-1/2"]
[WhiteElo "2255"]
[BlackElo "2240"]
[PlyCount "26"]
[EventDate "2013.09.08"]
[EventType "team-tourn"]
[EventRounds "11"]
[EventCountry "HUN"]
[SourceTitle "EXT 2016"]
[Source "ChessBase"]
[SourceDate "2015.10.08"]
[SourceVersion "1"]
[SourceVersionDate "2015.10.08"]
[SourceQuality "1"]
[WhiteTeam "Geniusz Tata"]
[BlackTeam "Szombathely Haladas II"]
[WhiteTeamCountry "HUN"]
[BlackTeamCountry "HUN"]

1. d4 Nf6 2. c4 e6 3. Nc3 d5 4. Nf3 Nbd7 5. Bf4 c6 6. e3 Qa5 7. Qc2 Bb4 8. Nd2 Nh5 9. Bg3 Nxg3 10. hxg3 Nf6 11. Bd3 h6 12. a3 Be7 13. c5 e5 1/2-1/2

[Event "Pardubice op rap 24th"]
[Site "Pardubice"]
[Date "2013.07.18"]
[Round "4"]
[White "Janocko, Petr"]
[Black "Akots, Gabor"]
[Result "0-1"]
[WhiteElo "2056"]
[BlackElo "2255"]
[PlyCount "62"]
[EventDate "2013.07.17"]
[EventType "swiss (rapid)"]
[EventRounds "9"]
[EventCountry "CZE"]
[SourceTitle "CBM 155 Extra"]
[Source "ChessBase"]
[SourceDate "2013.08.26"]
[SourceVersion "1"]
[SourceVersionDate "2013.08.26"]
[SourceQuality "1"]

1. d4 d5 2. c4 dxc4 3. Nf3 a6 4. a4 Nf6 5. g3 Nc6 6. Bg2 e6 7. 0-0 Be7 8. Na3 Na5 9. Bf4 Nd5 10. Rc1 Bxa3 11. bxa3 b5 12. Ne5 Bb7 13. axb5 axb5 14. e4 Nxf4 15. gxf4 Nb3 16. Rb1 0-0 17. d5 exd5 18. exd5 Rxa3 19. Be4 f5 20. Bc2 Qxd5 21. Qxd5+ Bxd5 22. Bxb3 Rxb3 23. Rxb3 cxb3 24. f3 Ra8 25. Kf2 Ra2+ 26. Ke3 c5 27. Rd1 Kf8 28. Rxd5 b2 29. Rd8+ Ke7 30. Nc6+ Ke6 31. Rd1 Ra1 0-1

[Event "Pardubice op rap 24th"]
[Site "Pardubice"]
[Date "2013.07.17"]
[Round "3"]
[White "Akots, Gabor"]
[Black "Miturova, Magdalena"]
[Result "0-1"]
[WhiteElo "2255"]
[BlackElo "2121"]
[PlyCount "34"]
[EventDate "2013.07.17"]
[EventType "swiss (rapid)"]
[EventRounds "9"]
[EventCountry "CZE"]
[SourceTitle "CBM 155 Extra"]
[Source "ChessBase"]
[SourceDate "2013.08.26"]
[SourceVersion "1"]
[SourceVersionDate "2013.08.26"]
[SourceQuality "1"]

1. d4 Nf6 2. c4 g6 3. f3 Bg7 4. e4 d6 5. Nc3 0-0 6. Be3 Nc6 7. Qd2 a6 8. 0-0-0 Rb8 9. g4 e5 10. d5 Nd4 11. Nce2 c5 12. dxc6 Nxc6 13. Qxd6 Qa5 14. Nc3 Be6 15. Qc5 Rfc8 16. Nh3 b5 17. Kb1 Bf8 0-1

[Event "Pardubice op rap 24th"]
[Site "Pardubice"]
[Date "2013.07.17"]
[Round "1"]
[White "Akots, Gabor"]
[Black "Stocek, Jiri"]
[Result "1/2-1/2"]
[WhiteElo "2255"]
[BlackElo "2576"]
[PlyCount "96"]
[EventDate "2013.07.17"]
[EventType "swiss (rapid)"]
[EventRounds "9"]
[EventCountry "CZE"]
[SourceTitle "CBM 155 Extra"]
[Source "ChessBase"]
[SourceDate "2013.08.26"]
[SourceVersion "1"]
[SourceVersionDate "2013.08.26"]
[SourceQuality "1"]

1. d4 Nf6 2. c4 c5 3. d5 b5 4. cxb5 a6 5. e3 g6 6. Nc3 Bg7 7. Nf3 0-0 8. a4 d6 9. e4 Bg4 10. h3 Bxf3 11. Qxf3 Qa5 12. Bd2 Qb4 13. Rb1 Nbd7 14. bxa6 Ne5 15. Qe3 Nc4 16. Bxc4 Qxc4 17. Qe2 Qxa6 18. Qxa6 Rxa6 19. b3 Rb8 20. f3 Nd7 21. Nb5 c4 22. bxc4 Rxa4 23. Ke2 Rxc4 24. Na3 Rcc8 25. Rxb8 Rxb8 26. Rb1 Rxb1 27. Nxb1 f5 28. Bc3 fxe4 29. fxe4 Nc5 30. Bxg7 Kxg7 31. Ke3 Kf6 32. Nd2 h5 33. g3 g5 34. Nf3 Nd7 35. Nd4 Ne5 36. Nf5 Ng6 37. Nd4 h4 38. gxh4 Nxh4 39. Nc6 Ng6 40. Kf3 e6 41. dxe6 Kxe6 42. Kg4 Kf6 43. Nd4 Ne5+ 44. Kg3 Nc4 45. h4 gxh4+ 46. Kxh4 Ke5 47. Nb5 Kxe4 48. Nxd6+ Nxd6 1/2-1/2

[Event "HUN-chT2 Charousek 1213"]
[Site "Hungary"]
[Date "2013.04.21"]
[Round "11"]
[White "Orso, Miklos"]
[Black "Akots, Gabor"]
[Result "1/2-1/2"]
[WhiteElo "2351"]
[BlackElo "2269"]
[PlyCount "29"]
[EventDate "2012.09.16"]
[EventType "team-tourn"]
[EventRounds "11"]
[EventCountry "HUN"]
[SourceTitle "EXT 2014"]
[Source "ChessBase"]
[SourceDate "2013.11.20"]
[SourceVersion "1"]
[SourceVersionDate "2013.11.20"]
[SourceQuality "1"]
[WhiteTeam "Aquaprofit II"]
[BlackTeam "Geniusz Tata"]
[WhiteTeamCountry "HUN"]
[BlackTeamCountry "HUN"]

1. c4 e6 2. Nf3 Nf6 3. Nc3 d5 4. cxd5 exd5 5. d4 c6 6. Bg5 Be7 7. e3 0-0 8. Bd3 Nbd7 9. 0-0 Re8 10. Qc2 Nf8 11. Bxf6 Bxf6 12. b4 Bg4 13. Nd2 Bh5 14. Rab1 a6 15. Na4 1/2-1/2

[Event "HUN-chT2 Charousek 1213"]
[Site "Hungary"]
[Date "2013.04.07"]
[Round "10"]
[White "Akots, Gabor"]
[Black "Gyorkos, Lajos"]
[Result "0-1"]
[WhiteElo "2269"]
[BlackElo "2381"]
[PlyCount "60"]
[EventDate "2012.09.16"]
[EventType "team-tourn"]
[EventRounds "11"]
[EventCountry "HUN"]
[SourceTitle "EXT 2014"]
[Source "ChessBase"]
[SourceDate "2013.11.20"]
[SourceVersion "1"]
[SourceVersionDate "2013.11.20"]
[SourceQuality "1"]
[WhiteTeam "Geniusz Tata"]
[BlackTeam "Paks II"]
[WhiteTeamCountry "HUN"]
[BlackTeamCountry "HUN"]

1. d4 Nf6 2. c4 g6 3. Nc3 d5 4. cxd5 Nxd5 5. e4 Nxc3 6. bxc3 Bg7 7. Bb5+ c6 8. Ba4 0-0 9. Ne2 Nd7 10. 0-0 a5 11. Bb3 b5 12. a3 Bb7 13. e5 c5 14. f4 e6 15. c4 bxc4 16. Bxc4 Nb6 17. Ba2 cxd4 18. Nxd4 Nd5 19. Bxd5 Qxd5 20. Nf3 Rfc8 21. Qxd5 Bxd5 22. Be3 Bf8 23. a4 Rc3 24. Kf2 Rac8 25. Nd4 R8c4 26. Rfd1 Bc5 27. g3 Rb4 28. Rd2 h5 29. Nc2 Rb2 30. Bxc5 Rcxc2 0-1